First-Level Subdivisions by Economy - Statistics

General Stats
  • This quiz has been taken 2,563 times
    1,414 since last reset
  • The average score is 19 of 30
Answer Stats
Country Answer % Correct
United States California
99%
United States New York
99%
United States Texas
98%
United States Florida
93%
United States Washington
86%
United States Illinois
84%
United Kingdom England
83%
United States Pennsylvania
82%
Japan Tokyo
81%
United States Georgia
79%
United States Massachusetts
79%
United States Ohio
79%
Canada Ontario
75%
China Shanghai
75%
United States Virginia
75%
United States North Carolina
74%
Brazil Sao Paulo
71%
United States New Jersey
70%
France Ile-de-France
63%
China Guangdong
53%
Germany North Rhine-Westphalia
52%
China Sichuan
42%
China Hubei
38%
China Shandong
32%
China Hunan
31%
China Fujian
30%
China Henan
28%
China Anhui
24%
China Jiangsu
24%
China Zhejiang
21%
No matching quizzes found
Score Distribution
Percent of People with Each Score
Percentile by Number Answered
Your Score History
You have not taken this quiz since the last reset